[Event "Sant Gregori Ajuntament op-A 1st"]
[Site "Sant Gregori"]
[Date "2016.07.04"]
[Round "1.7"]
[White "Saurina Suner, Francesc Xavier"]
[Black "Pont I Teixidor, Bernat"]
[Result "1-0"]
[WhiteElo "2093"]
[BlackElo "1689"]
[PlyCount "65"]
[EventDate "2016.07.04"]
[EventType "tourn"]
[EventRounds "7"]
[EventCountry "ESP"]
[SourceTitle "EXT 2024"]
[Source "ChessBase"]
[SourceDate "2023.10.10"]
[SourceVersion "1"]
[SourceVersionDate "2023.10.10"]
[SourceQuality "1"]

1. e4 e5 2. Nf3 Nc6 3. d4 Qe7 4. d5 Nb8 5. c4 Nf6 6. Nc3 d6 7. h3 Qd7 8. Be2 Be7 9. Be3 0-0 10. Nd2 h6 11. 0-0 Qd8 12. Kh2 Nbd7 13. g4 Rb8 14. Bxa7 Ra8 15. Be3 b6 16. Qc2 Bb7 17. a3 c5 18. Nb5 Ba6 19. a4 Bxb5 20. cxb5 Rc8 21. Nc4 Qc7 22. Rh1 Rb8 23. Rag1 Qa7 24. Kg2 Ra8 25. b3 Ne8 26. Kf1 Bg5 27. Bxg5 hxg5 28. h4 gxh4 29. Rxh4 Ndf6 30. Rgh1 g6 31. Qd2 Nc7 32. Rh8+ Kg7 33. Qh6# 1-0

[Event "Sant Gregori Ajuntament op-A 1st"]
[Site "Sant Gregori"]
[Date "2016.07.??"]
[Round "3.12"]
[White "Alarcon Pages, Salvador"]
[Black "Pont I Teixidor, Bernat"]
[Result "1-0"]
[WhiteElo "1862"]
[BlackElo "1689"]
[PlyCount "36"]
[EventDate "2016.07.04"]
[EventType "tourn"]
[EventRounds "7"]
[EventCountry "ESP"]
[SourceTitle "EXT 2024"]
[Source "ChessBase"]
[SourceDate "2023.10.10"]
[SourceVersion "1"]
[SourceVersionDate "2023.10.10"]
[SourceQuality "1"]

1. e4 e5 2. Nf3 Nc6 3. d3 Nf6 4. Be2 Bc5 5. 0-0 0-0 6. c4 h6 7. Nc3 d6 8. Nd5 Nd4 9. Nxd4 Bxd4 10. Rb1 c5 11. Kh1 Be6 12. Be3 b6 13. Nxf6+ Qxf6 14. Bxd4 cxd4 15. Qd2 Qg6 16. f4 a6 17. f5 Qf6 18. fxe6 Qxe6 1-0